Christian Faith and Way of Life (Record no. 4479)

MARC details
000 -LEADER
fixed length control field 00624nam a2200241 a 4500
020 ## - INTERNATIONAL STANDARD BOOK NUMBER
ISBN
082 00 - DEWEY DECIMAL CLASSIFICATION NUMBER
Classification number 268.6
Author Cutter PEA
100 ## - MAIN ENTRY--AUTHOR NAME
Author name Peason, E M
245 ## - TITLE STATEMENT
Title Christian Faith and Way of Life
260 ## - PUBLICATION, DISTRIBUTION, ETC. (IMPRINT)
Place of publication London
Name of publisher Spck
Year of publication 1952
300 ## - PHYSICAL DESCRIPTION
Number of Pages 172p
500 ## - GENERAL NOTE
General note includes index and biblioraphy
505 2# - FORMATTED CONTENTS NOTE
Formatted contents note 2.khuda ka faisla, 3.dawat qaum,4.maktub arabi banam ulema.
650 ## - SUBJECT ADDED ENTRY--TOPICAL TERM
Topical Term Christian Education & Training
942 ## - ADDED ENTRY ELEMENTS (KOHA)
Koha item type Books
700 1# -
-- Peason, E M
Holdings
Collection code Home library Current library Date acquired Cost, normal purchase price Full call number Accession Number Koha item type
  Henry Martyn Institute Library Henry Martyn Institute Library 07/13/2007 100.00 268.6 PEA 05463 Books
                   Copyright © 2026 | Henry Martyn Institute | Hyderabad | TS-500052 | INDIA | Implemented by hmi.edu.in
Hit-Count:

Powered by Koha